|
|
|
|
| LEADER |
00000nam0a2200000 4500 |
| 001 |
124771 |
| 005 |
20231031131121.0 |
| 010 |
|
|
|a 9785699218295
|
| 035 |
|
|
|a (RuTPU)RU\TPU\book\135026
|
| 090 |
|
|
|a 124771
|
| 100 |
|
|
|a 20071107d2007 m y0rusy50 ca
|
| 101 |
1 |
|
|a rus
|c eng
|
| 102 |
|
|
|a RU
|
| 105 |
|
|
|a y z 000ay
|
| 200 |
1 |
|
|a Брат Томас
|e пер. с англ.
|f Д. Кунц
|
| 210 |
|
|
|a Москва
|c Эксмо
|d 2007
|
| 215 |
|
|
|a 352 с.
|
| 225 |
1 |
|
|a Коллекция
|
| 330 |
|
|
|a Гениальный ученый Джон Хайнман вознамерился стать равным Богу. И создал новую жизнь. Вернее, антижизнь. Теперь только Странный Томас мог спасти от гибели десятки несчастных детей, находящихся под опекой монастыря Святого Варфоломея. Обладающий даром видеть призраков умерших людей и даже общаться с ними, на этот раз Томас сталкивается со странными и страшными существами, которых невозможно отнести даже к сверхъестественным... Впервые на русском языке!
|
| 610 |
1 |
|
|a американская литература
|
| 610 |
1 |
|
|a романы
|
| 610 |
1 |
|
|a мистика
|
| 610 |
1 |
|
|a триллеры
|
| 675 |
|
|
|a 82
|v 3
|
| 700 |
|
1 |
|a Кунц
|b Д.
|g Дин
|
| 801 |
|
1 |
|a RU
|b 63413507
|c 20071107
|g PSBO
|
| 801 |
|
2 |
|a RU
|b 63413507
|c 20080221
|g PSBO
|
| 942 |
|
|
|c BK
|
| 959 |
|
|
|a 78/20071106
|d 1
|e 166,65
|f ХФ:1
|